| 000 | 00506cam a2200157 4500 | ||
|---|---|---|---|
| 001 | D10261 | ||
| 008 | 090401t xxu||||| |||| 00| 0 eng d | ||
| 035 | _a(Sirsi) u94583 | ||
| 041 | _aeng | ||
| 100 | _aBowie, N.W. | ||
| 245 | _aExisting Use Value | ||
| 350 | _a0 | ||
| 520 | _aIn RICS General Practice Division. Assets Valuation Standards Committee. the valuation of land and buildings for financial statements: six lectures, 22 October-26 November 1980. 1980/80 ABC | ||
| 942 | _n0 | ||
| 948 | _c04/03/1997 | ||
| 999 |
_c98088 _d98088 |
||